000 00451nam a2200193Ia 4500
005 20240823060309.0
008 240823s9999||||xx |||||||||||||| ||und||
041 _aENGLISH
082 _A621.4021 P8
100 _aShanmugam A
245 0 _aApplied Thermodynamics
250 _a1st
260 _c2008
_bYuktha Publica
500 _aTRANSFERED
650 _aThermodynamics
_bMechanical
700 _a Muthiah T
942 _cBK
999 _c230797
_d230797